Denjoy integration in abstract spaces

Αποθηκεύτηκε σε:
Λεπτομέρειες βιβλιογραφικής εγγραφής
Κύριος συγγραφέας: Solomon, Donald William 1941-
Μορφή: Βιβλίο
Γλώσσα:English
Δημοσίευση: Providence, R.I. : American Mathematical Society, 1969
Σειρά:Memoirs of the American Mathematical Society ; ; 85
Θέματα:
Ετικέτες: Προσθήκη ετικέτας
Δεν υπάρχουν, Καταχωρήστε ετικέτα πρώτοι!

MARC

LEADER 00000nam a2200000 i 4500
001 1/30813
008 941103s1969 eng d
035 |a 1993  |l 10038666 
040 |a GR-MY-UA  |b gre  |e aacr 
041 0 |a eng 
082 0 |a 516 
100 1 |a Solomon, Donald William  |d 1941- 
245 1 0 |a Denjoy integration in abstract spaces /  |c by Donald W. Solomon 
260 |a Providence, R.I. :   |b American Mathematical Society,   |c 1969 
300 |a 69 σ.;  |b εικ.;  |c 26 εκ. 
490 1 |a Memoirs of the American Mathematical Society  |v ; 85 
504 |a Βιβλιογραφία: σ. 68-69 
650 0 0 |a Generalized spaces. 
830 0 |a Memoirs of the American Mathematical Society ;  |v ; 85 
852 |a INST  |b SAMOS  |e 19941103  |h 516 SOL  |p 005300002668  |q 005300002668  |t BK  |y 0 
909 |a Σ  |b 030552